Statistics for Type to 100 in 45 Seconds*

Click here to take the quiz!

General Stats

  • This quiz has been taken 530 times
  • The average score is 55 of 100

Answer Stats

Answer% Correct
1
100%
2
100%
3
99%
4
97%
5
97%
6
96%
7
94%
8
94%
9
94%
10
92%
11
92%
12
90%
13
88%
14
88%
15
87%
16
86%
17
86%
18
86%
19
84%
20
84%
21
84%
22
83%
23
81%
24
79%
25
79%
26
78%
27
77%
28
77%
29
77%
30
76%
31
76%
32
76%
33
75%
34
75%
35
74%
36
74%
37
72%
38
72%
39
72%
40
68%
41
66%
42
65%
43
64%
44
62%
45
60%
46
60%
47
59%
48
59%
49
59%
50
57%
51
55%
52
54%
53
54%
54
54%
55
53%
56
50%
57
50%
58
50%
59
49%
60
48%
61
48%
62
47%
63
46%
64
44%
65
43%
66
43%
67
41%
68
41%
69
41%
70
38%
71
36%
72
35%
73
34%
74
32%
75
30%
76
29%
77
28%
78
27%
79
26%
80
24%
81
23%
82
23%
83
22%
84
21%
85
21%
86
21%
87
19%
88
17%
89
17%
90
17%
91
15%
92
14%
93
14%
94
14%
95
12%
96
12%
97
12%
98
12%
99
12%
100
9%

Score Distribution

Percentile by Number Answered

Percent of People with Each Score

Your Score History

You have not taken this quiz